000 01110nam a2200289Ia 4500
001 B0697
003 IT-RoPAU
008 130308s9999 xx 000 0 und d
040 _aIT-RoPAU
040 _cIT-RoPAU
041 _aITALIANO
100 _aManetti Giovanni
100 _gCodice Aut. SPICS: 4263
245 _aModelli comunicativi e il rapporto testo-lettore nella semiotica interpretativa (I)
245 _bMass Media Fra testo e Contesto (I)-Informazione, Pubblicita', Intrattenimento, consumo sotto Analisi
250 _a1a ed.
260 _aMILANO
260 _bLupetti & Co.
260 _c1992 [1° Ed.:1992 - Ed.Ling.Originale:1992]
300 _a"32 p. (prefazione: no ; testo: 32 [pagine: 53-84])"
500 _aModello Informazionale. Modello Semiotico Informazionale. Modello Semiotico Testuale. Modello Semiotico Enunciazionale. Rapporto testo Lettore nella Semiotica Interpretativa. Due Casi di Uso del Modello Enunciazionale.
650 _aSOCIOLOGIA DELLA COMUNICAZIONE SOCIALE
650 _eCodice materia Spics: 3806
942 _cBK
957 _71
999 _c80377
_d80377
999 _g1